[Event "Don't Fall In The Trap. (Petrov's Defence)"]
[Site "SchemingMind.com"]
[Date "2006.09.02"]
[Round "-"]
[White "russellhalifax"]
[Black "echecs"]
[Result "0-1"]
[WhiteCountry "GBR"]
[BlackCountry "ENG"]
[WhiteElo "1532"]
[WhiteRD "96"]
[BlackElo "1718"]
[BlackRD "61"]
[GameID "66358"]

1. e4 e5 2. Nf3 Nf6 3. Nxe5 d6 4. Nf3 Nxe4 5. Qe2 Qe7 6. d3 Nc5 7. Be3 Ne6 8. Nc3 c6 9. O-O-O Bd7 10. g3 d5
11. Nd2 d4 12. Bxd4 Nxd4 13. Qxe7+ Bxe7 14. Re1 Na6 15. Bg2 Be6 16. Re3 O-O-O 17. Rhe1 Bb4 18. Ndb1 Ba5 19. a3 Bb6 20. Kd1 Nb5
21. Rf3 Bg4 22. Bh3 Bxh3 23. Rxf7 Nxc3+ 24. Nxc3 Bd4 25. Ree7 Rd7 26. Rxd7 Bxd7 27. Kd2 Bf6 28. Ne4 Be6 29. Nd6+ Kb8 30. Rxb7+ Ka8
31. c4 Rb8 32. Rxb8+ Kxb8 33. b4 Kc7 34. Ne4 Bb2 35. b5 cxb5 36. cxb5 Nb8 37. a4 Nd7 38. f4 Kb6 39. Kc2 Bd4 40. Ng5 Bg8
41. g4 Nc5
0-1

[Event "Don't Fall In The Trap. (Petrov's Defence)"]
[Site "SchemingMind.com"]
[Date "2006.09.02"]
[Round "-"]
[White "Sibahi"]
[Black "echecs"]
[Result "0-1"]
[WhiteCountry "KSA"]
[BlackCountry "ENG"]
[WhiteElo "1351"]
[WhiteRD "86"]
[BlackElo "1689"]
[BlackRD "67"]
[GameID "66359"]

1. e4 e5 2. Nf3 Nf6 3. Nxe5 Qe7 4. d4 Nxe4 5. Qe2 d5 6. f3 Qh4+ 7. Kd1 Nf2+ 8. Ke1 Nxh1+ 9. g3 Nxg3 10. hxg3 Qxg3+
11. Kd1 Be7 12. Nc3 c6 13. Qg2 Qxg2 14. Bxg2 Nd7 15. Ng4 h5 16. Ne3 h4 17. Bh3 Nb6 18. Nf5 Bxf5 19. Bxf5 h3 20. Bxh3 Rxh3
21. f4 O-O-O 22. Ke2 Re8 23. Kf2 Bf6 24. Ne2 Rh2+ 25. Kf3 Rexe2
0-1

[Event "Don't Fall In The Trap. (Petrov's Defence)"]
[Site "SchemingMind.com"]
[Date "2006.09.09"]
[Round "-"]
[White "Masticore99"]
[Black "capablanca"]
[Result "0-1"]
[WhiteCountry "USA"]
[BlackCountry "GER"]
[WhiteElo "1606"]
[WhiteRD "71"]
[BlackElo "1633"]
[BlackRD "55"]
[GameID "67377"]

1. e4 e5 2. Nf3 Nf6 3. Nxe5 d6 4. Nf3 Nxe4 5. Bc4 d5 6. Qe2 Qe7 7. Bxd5 Nf6 8. Bc4 Bg4 9. Qxe7+ Bxe7 10. Ne5 O-O
11. O-O Bf5 12. d3 Bd6 13. Re1 Nbd7 14. Bf4 Nxe5 15. Bxe5 Bxe5 16. Rxe5 Rfe8 17. Rxe8+ Rxe8 18. Kf1 a6 19. a4 Be6 20. Bxe6 Rxe6
21. a5 Nd5 22. Nd2 Nb4 23. Rc1 Rc6 24. Nc4 Kf8 25. Ke2 Rc5 26. c3 Nc6 27. b4 Rh5 28. h3 Ke7 29. Re1 Kd7 30. Kf3 Ne7
31. Re5 Rxe5 32. Nxe5+ Ke6 33. Kf4 Nd5+ 34. Ke4 Nxc3+ 35. Kd4 Nd5 36. Nxf7 Nxb4 37. Ng5+ Kd6 38. Kc4 Nc6 39. Nxh7 Nxa5+ 40. Kd4 Nc6+
41. Ke4 a5 42. f4 a4
0-1

[Event "Don't Fall In The Trap. (Petrov's Defence)"]
[Site "SchemingMind.com"]
[Date "2006.09.09"]
[Round "-"]
[White "Masticore99"]
[Black "Rotceh"]
[Result "0-1"]
[WhiteCountry "USA"]
[BlackCountry "MEX"]
[WhiteElo "1596"]
[WhiteRD "73"]
[BlackElo "1622"]
[BlackRD "56"]
[GameID "67379"]

1. e4 e5 2. Nf3 Nf6 3. Nxe5 d6 4. Nf3 Nxe4 5. Nc3 Nxc3 6. dxc3 Be7 7. Bc4 Be6 8. Bxe6 fxe6 9. Qe2 e5 10. Qe4 Nc6
11. Be3 O-O 12. O-O-O Qd7 13. Nxe5 Qe6 14. Rhe1 Qxe5 15. Qg4 Qxh2 16. Rh1 Qe5 17. Rde1 Qf5 18. Qc4+ d5 19. Qb3 Nd8 20. Bd4 Bf6
21. Bc5 Bg5+ 22. Kb1 Rf6 23. Re8+ Kf7 24. Rf8+ Kg6 25. Rh8 b6 26. Be7 Re6 27. Bxg5 Kxg5 28. R8xh7 Qxh7 29. Qxd5+ Kf6 30. Qxe6+ Nxe6
31. Rxh7 Re8 32. Kc1 Ng5 33. Rh4 Re2 34. Rf4+ Ke6 35. Kd1 Re5 36. f3 Nf7 37. b4 g5 38. Rc4 Kd6 39. Kd2 Nh6 40. a4 c5
41. Kd3 Kd5 42. a5 Re3+ 43. Kxe3 Kxc4 44. axb6 axb6 45. bxc5 bxc5 46. Kd2 Nf5 47. g4 Nh4 48. Ke3 Kxc3 49. f4 Ng2+
0-1

[Event "Don't Fall In The Trap. (Petrov's Defence)"]
[Site "SchemingMind.com"]
[Date "2006.09.09"]
[Round "-"]
[White "Masticore99"]
[Black "russellhalifax"]
[Result "1/2-1/2"]
[WhiteCountry "USA"]
[BlackCountry "GBR"]
[WhiteElo "1606"]
[WhiteRD "71"]
[BlackElo "1532"]
[BlackRD "96"]
[GameID "67380"]

1. e4 e5 2. Nf3 Nf6 3. Nxe5 g6 4. Bc4 d5 5. exd5 Nxd5 6. Qf3 Bf5 7. Bxd5 Bg7 8. O-O O-O 9. Nxf7 Qf6 10. Nh6+ Kh8
11. Nxf5 c6 12. Bxc6 Nxc6 13. Nxg7 Qxf3 14. gxf3 Kxg7 15. d3 Rxf3 16. Be3 Nb4 17. Nc3 Nxc2 18. Rac1 Nxe3 19. fxe3 Rxe3 20. Rcd1 Rd8
21. d4 a6 22. Rfe1 Rxe1+ 23. Rxe1 Rxd4 24. Re7+ Kh6 25. Rxb7 Rd2 26. Nd5 Rxd5 27. b4 Rb5 28. Rxb5 axb5 29. Kf2 Kg5 30. Ke3 Kh4
31. Kd4 Kh3 32. Kc5 Kxh2 33. Kxb5 g5 34. a4 g4 35. a5 g3 36. a6 g2 37. a7= g1=Q 38. a8=Q=
1/2-1/2

[Event "Don't Fall In The Trap. (Petrov's Defence)"]
[Site "SchemingMind.com"]
[Date "2006.09.09"]
[Round "-"]
[White "Masticore99"]
[Black "Sibahi"]
[Result "1-0"]
[WhiteCountry "USA"]
[BlackCountry "KSA"]
[WhiteElo "1606"]
[WhiteRD "73"]
[BlackElo "1348"]
[BlackRD "75"]
[GameID "67381"]

1. e4 e5 2. Nf3 Nf6 3. Nxe5 Nc6 4. Nf3 d6 5. Bc4 Nxe4 6. d3 Nc5 7. O-O Be6 8. Re1 Be7 9. Bxe6 Nxe6 10. Nc3 Qd7
11. Nd5 O-O 12. Nxe7+ Nxe7 13. b4 Nf5 14. c3 b5 15. a4 c6 16. axb5 cxb5 17. c4 Ned4 18. Nxd4 Nxd4 19. Bb2 Nf5 20. Qf3 g6
21. Ra5 a6 22. Rea1 Rfe8 23. h3 Nh4 24. Qf6 Kf8 25. Qh8+ Ke7 26. Re1+ Kd8 27. Bf6+ Kc7 28. Rxe8 Rxe8 29. Rxa6 Rxh8 30. Ra7+ Kc8
31. Rxd7 Kxd7 32. Bxh8 bxc4 33. dxc4 Kc6 34. Kf1 Nf5 35. Ke2 Ne7 36. Kd3 Nf5 37. g4 Nh4 38. Bf6 Nf3 39. Ke4 Nd2+ 40. Kd3 Nb3=
41. f4 Nc5+ 42. bxc5 Kxc5= 43. h4 d5 44. Bd4+ Kd6 45. c5+ Kc6 46. g5 Kb5 47. Kc3 Ka5 48. Be5 Kb5 49. Kd4 Kc6 50. Bd6
1-0

[Event "Don't Fall In The Trap. (Petrov's Defence)"]
[Site "SchemingMind.com"]
[Date "2006.09.09"]
[Round "-"]
[White "Masticore99"]
[Black "echecs"]
[Result "1-0"]
[WhiteCountry "USA"]
[BlackCountry "ENG"]
[WhiteElo "1606"]
[WhiteRD "73"]
[BlackElo "1767"]
[BlackRD "58"]
[GameID "67382"]

1. e4 e5 2. Nf3 Nf6 3. Nxe5 Qe7 4. d4 d6 5. Nf3 Qxe4+ 6. Be2 Be7 7. O-O O-O 8. Nc3 Qe6 9. Re1 Qd7 10. Bc4 Nc6
11. Bb5 a6 12. Bxc6 bxc6 13. Bf4 Bb7 14. Qd3 Rfe8 15. Ne4 Qf5 16. Nxf6+ Qxf6 17. Bg5 Qg6 18. Qxg6 hxg6 19. Bxe7 f6 20. Re3 Kf7
21. Rae1 a5 22. c4 Rab8 23. b3 Bc8 24. Ng5+ fxg5 25. Bxg5 Rxe3 26. Rxe3 Bf5 27. Re7+ Kg8 28. c5 a4 29. Kf1 axb3 30. axb3 Rxb3
31. Rxc7 dxc5 32. dxc5 Be4 33. f3 Bd5 34. Kf2 Rb2+ 35. Kg3 Rb3 36. h4 Rc3 37. Be7 Rc4 38. Kh3 Rf4 39. Bd6 Rc4 40. Kg3 Rc1
41. Kf4 Rc2 42. Kg3 Rc4 43. Be5 Rxc5 44. Rxg7+ Kf8 45. Rxg6 Kf7 46. h5 Rc4 47. Rf6+ Kg8 48. h6 Kh7 49. Bf4 Rc2 50. Kh3 Re2
51. Bg5 Re1 52. g3 Rh1+ 53. Kg4 Rf1 54. f4 Bf3+ 55. Kf5 Bd5 56. g4 Re1 57. Bh4 Re4 58. g5 Rc4 59. Bf2 Be4+ 60. Ke5 Bd5
61. Kd6 Re4 62. Bb6 Rb4 63. Bc5 Rc4 64. Bb6
1-0

[Event "Don't Fall In The Trap. (Petrov's Defence)"]
[Site "SchemingMind.com"]
[Date "2006.09.09"]
[Round "-"]
[White "capablanca"]
[Black "Masticore99"]
[Result "1-0"]
[WhiteCountry "GER"]
[BlackCountry "USA"]
[WhiteElo "1673"]
[WhiteRD "51"]
[BlackElo "1606"]
[BlackRD "73"]
[GameID "67383"]

1. e4 e5 2. Nf3 Nf6 3. Nxe5 d6 4. Nf3 Nxe4 5. Qe2 Qe7 6. d3 Nc5 7. Bg5 Qxe2+ 8. Bxe2 Bf5 9. Nd4 Bd7 10. Nc3 Nc6
11. Nxc6 Bxc6 12. O-O f6 13. Be3 O-O-O 14. Bxc5 dxc5 15. Bg4+ Kb8 16. Rfe1 Bd6 17. Ne4 Be5 18. Rab1 Bxe4 19. Rxe4 h5 20. Bf5 Rh6
21. f4 Bd4+ 22. Kf1 g6 23. Be6 f5 24. Re2 Rd6 25. c3 Bg7 26. Rd1 g5 27. Bxf5 b6 28. fxg5 Rh8 29. Re7 Rf8 30. Rxg7 Rxf5+
31. Kg1 Re6 32. Rf1 Rd5 33. Rf8+ Kb7 34. Rff7 Rc6 35. g6 Rxd3 36. Rg8 Rd2 37. g7 Rg6 38. Rh8 Rdxg2+ 39. Kf1 Rxg7 40. Rxg7 Rxg7
41. Rxh5 a5 42. h4 Kc6 43. Rg5 Rxg5 44. hxg5 Kd6 45. Kf2 Ke6 46. Ke3 Kf5 47. g6 Kxg6 48. Ke4 Kf6 49. Kd5 Ke7 50. Kc6= Kd8
51. a4 Kc8 52. b3 Kd8 53. Kb5 Kc8 54. Kc6 Kb8 55. Kd5 Kb7 56. Ke5 c6 57. Kd6 b5 58. Kxc5 bxa4 59. bxa4 Kc7 60. c4 Kb7=
61. Kd6 c5 62. Kxc5 Ka6 63. Kc6
1-0

[Event "Don't Fall In The Trap. (Petrov's Defence)"]
[Site "SchemingMind.com"]
[Date "2006.09.10"]
[Round "-"]
[White "Dr_Pat"]
[Black "Masticore99"]
[Result "0-1"]
[WhiteCountry "USA"]
[BlackCountry "USA"]
[WhiteElo "1490"]
[WhiteRD "48"]
[BlackElo "1631"]
[BlackRD "70"]
[GameID "67384"]

1. e4 e5 2. Nf3 Nf6 3. Nxe5 d6 4. Nf3 Nxe4 5. d3 Nf6 6. d4 Bg4 7. Bb5+ c6 8. Bd3 Be7 9. O-O O-O 10. Nbd2 d5
11. h3 Bh5 12. g4 Bg6 13. Bxg6 fxg6 14. Nh4 Ne4 15. Nhf3 Bh4 16. Nxh4 Qxh4 17. Nxe4 dxe4 18. f3 Qxh3 19. fxe4 Rxf1+ 20. Qxf1 Qxg4+
21. Qg2 Qd1+ 22. Kh2 Qxd4 23. c3 Qe5+ 24. Kh1 Nd7 25. Bg5 Re8 26. Re1 Nc5 27. Qf3 Qxg5
0-1

[Event "Don't Fall In The Trap. (Petrov's Defence)"]
[Site "SchemingMind.com"]
[Date "2006.09.14"]
[Round "-"]
[White "Rotceh"]
[Black "Masticore99"]
[Result "1-0"]
[WhiteCountry "MEX"]
[BlackCountry "USA"]
[WhiteElo "1620"]
[WhiteRD "60"]
[BlackElo "1606"]
[BlackRD "73"]
[GameID "67385"]

1. e4 e5 2. Nf3 Nf6 3. Bc4 Nc6 4. O-O Bc5 5. d3 O-O 6. Be3 Bb6 7. Nc3 d6 8. Bg5 h6 9. Bh4 g5 10. Bg3 Bg4
11. Nb1 Qd7 12. Nbd2 d5 13. exd5 Bxf3 14. Nxf3 Nxd5 15. Bxe5 Nxe5 16. Nxe5 Qd6 17. d4 Nb4 18. Qf3 Qe7 19. Qe4 Bxd4 20. Bxf7+ Rxf7
21. Qxd4 Nxc2 22. Qc4 Nxa1 23. Qxf7+ Qxf7 24. Nxf7 Kxf7 25. Rxa1 Rd8 26. Kf1 Kf6 27. Ke2 Ke5 28. Rc1 c6 29. Rc3 a5 30. Rc5+ Rd5
31. Rxd5+ Kxd5 32. Kd3 b5 33. f3 c5 34. b3 a4 35. bxa4 bxa4 36. a3 c4+ 37. Kc3 Kc5 38. g3 Kd5 39. h4 Kc5 40. h5 Kd5
41. f4 gxf4 42. gxf4 Ke4 43. Kxc4 Kxf4 44. Kb4
1-0

[Event "Don't Fall In The Trap. (Petrov's Defence)"]
[Site "SchemingMind.com"]
[Date "2006.09.14"]
[Round "-"]
[White "russellhalifax"]
[Black "Masticore99"]
[Result "0-1"]
[WhiteCountry "GBR"]
[BlackCountry "USA"]
[WhiteElo "1532"]
[WhiteRD "96"]
[BlackElo "1606"]
[BlackRD "71"]
[GameID "67386"]

1. e4 e5 2. Nf3 Nf6 3. Nc3 Bb4 4. a3 Bxc3 5. bxc3 O-O 6. d4 Nxe4 7. Qe2 Nxc3 8. Qd2 Re8 9. dxe5 Ne4 10. Qe3 d5
11. Bd3 Bf5 12. c4 Nc6 13. Bb2 Na5 14. Rd1 c6 15. Bxe4 Bxe4 16. Ng5 Nxc4 17. Qf4 Qc7 18. Bc3 Nxe5 19. Bxe5 Rxe5 20. Nxe4 Rxe4+
21. Qxe4 dxe4 22. O-O Rd8 23. Rde1 f5 24. g3 Qa5 25. Re3 b5 26. Rc1 Qb6 27. Rb1 Rd3
0-1

[Event "Don't Fall In The Trap. (Petrov's Defence)"]
[Site "SchemingMind.com"]
[Date "2006.09.10"]
[Round "-"]
[White "Sibahi"]
[Black "Masticore99"]
[Result "0-1"]
[WhiteCountry "KSA"]
[BlackCountry "USA"]
[WhiteElo "1348"]
[WhiteRD "75"]
[BlackElo "1606"]
[BlackRD "73"]
[GameID "67387"]

1. e4 e5 2. Nf3 Nf6 3. Nxe5 d6 4. Nf3 Nxe4 5. Qe2 Qe7 6. d3 Nf6 7. Qxe7+ Bxe7 8. Be2 O-O 9. O-O Nc6 10. Bg5 Bf5
11. Nbd2 h6 12. Bh4 Rfe8 13. Rfe1 d5 14. c3 Rad8 15. Rad1 d4 16. c4 Nb4 17. a3 Nc2 18. Rf1 g5 19. Bg3 Bxa3 20. bxa3 Rxe2
21. Bxc7 Rde8 22. Be5 Nd7 23. Bxd4 Nxd4 24. Nxd4 R2e5 25. N2f3 Ra5 26. Nxf5 Rxf5 27. Nd4 Ra5 28. Rb1 b6 29. Nb5 Ne5 30. Rfe1 Kf8
31. h3 Nxd3 32. Rxe8+ Kxe8 33. Rb3 Nc5 34. Re3+ Kd7 35. g4 a6 36. Nd4 Ra4 37. Rc3 Nb7 38. Nf5 Nd6 39. Ne3 Ke6 40. Kf1 Ke5
41. Ke2 Kd4 42. Rd3+ Kc5 43. Rd5+ Kc6 44. Nf5 Nxf5 45. Rxf5 Rxa3 46. Rf6+ Kc5 47. Rxh6 Rb3 48. Rh5 Kxc4 49. Rxg5 a5 50. h4 a4
51. Re5 a3 52. Re4+ Kc3 53. Re3+ Kb2 54. h5 a2 55. Rxb3+ Kxb3
0-1

[Event "Don't Fall In The Trap. (Petrov's Defence)"]
[Site "SchemingMind.com"]
[Date "2006.09.10"]
[Round "-"]
[White "echecs"]
[Black "Masticore99"]
[Result "1-0"]
[WhiteCountry "ENG"]
[BlackCountry "USA"]
[WhiteElo "1718"]
[WhiteRD "61"]
[BlackElo "1606"]
[BlackRD "71"]
[GameID "67388"]

1. e4 e5 2. Nf3 Nf6 3. Nxe5 d6 4. Nc4 Nxe4 5. Qe2 Qe7 6. d3 Nc5 7. Nc3 Bg4 8. Qxe7+ Bxe7 9. Nd5 c6 10. Nc7+ Kd7
11. Nxa8 Kc8 12. Bf4 Nbd7 13. Nxd6+ Bxd6 14. Bxd6 Re8+ 15. Kd2 g6 16. Re1 Ne6 17. Be2 Bxe2 18. Rxe2 Kd8 19. Rhe1 h5 20. h3 b6
21. Nc7
1-0